000 01211nam a2200361 a 4500
001 60024
003 CO-BoRNBP
005 20251118203644.0
007 ta
008 050908s2007 ck a jr 00111 spa d
020 _a9789583018299
040 _aCO-BoBLA
_bspa
_cCO-BoBLA
041 1 _aspa
_heng
082 0 4 _a520
_bM14a
_220
100 1 _aMahoney, Terry.
_967550
245 1 0 _aAstronomía /
_cTerry Mahoney ; traducción Diana Esperanza Gómez.
250 _aEdición Javier R. Mahecha López.
300 _a31 p. :
_bil. ;
_c25 cm.
336 _2rdacontent
_atexto
_btxt
337 _2rdamedia
_asin mediación
_bn
338 _2rdacarrier
_avolumen
_bnc
500 _aIncluye glosario.
500 _aIncluye índice.
650 7 _aAstronomía
_v Literatura juvenil.
_2BLAAUTO
_967551
650 7 _aEstrellas
_v Literatura juvenil.
_2BLAAUTO
_967552
650 7 _aSistema solar
_v Literatura juvenil.
_2BLAAUTO
_967553
650 7 _aVía láctea
_v Literatura juvenil.
_2BLAAUTO
_967554
700 1 _aGómez, Diana Esperanza,
_etr.
_967555
700 1 _aMahecha López, Javier R.,
_eed.
_943002
830 0 _aPrograma de catalogación en la publicación
942 _2ddc
_cBK
949 _an
_bn
999 _c60024
_d60024